|
|
|
|
| LEADER |
00903ncm a22002412a 4500 |
| 001 |
001404413 |
| 003 |
CZ BrMZK |
| 005 |
20160315100724.0 |
| 007 |
qu |
| 008 |
140716s1913 gw ||||| |||||||||||zxx d |
| 040 |
|
|
|a BOA001
|b cze
|
| 072 |
|
7 |
|a 786
|x Hudba pro klávesové nástroje
|2 Konspekt
|9 9
|
| 100 |
1 |
|
|a Adam, Adolphe,
|d 1803-1856
|7 ola2002139911
|4 cmp
|
| 245 |
1 |
4 |
|a Der Postilion von Lonjumeau
|h [hudebnina] :
|b Ouvertüre : Klavier /
|c A. Adam ; bearbeitet von R. Kleinmichel
|
| 260 |
|
|
|a Mainz :
|b B. Schott's Söhne,
|c c1913
|
| 300 |
|
|
|a 1 partitura (11 s.)
|
| 490 |
1 |
|
|a Edition Schott Einzel-Ausgabe ;
|v 01745
|
| 700 |
1 |
|
|a Kleinmichel, Richard,
|d 1846-1901
|7 xx0023130
|4 arr
|
| 830 |
|
0 |
|a Edition Schott Einzel-Ausgabe
|
| 910 |
|
|
|a BOA001
|b Mus4-0165.000,01745
|
| 990 |
|
|
|a MU
|
| 991 |
|
|
|b 201407
|
| 996 |
6 |
|
|b 2619688509
|c Mus4-0165.000,01745
|l MZK
|r Sklad / do 1 hodiny
|n 0
|w 001439539
|u 000010
|a 1
|e BOA001
|j MZK50
|s P
|